LEADER 00796nam0-22002771i-450- 001 990003326620403321 005 20001010 035 $a000332662 035 $aFED01000332662 035 $a(Aleph)000332662FED01 035 $a000332662 100 $a20001010d--------km-y0itay50------ba 101 0 $aita 105 $ay-------001yy 200 1 $aCORO DOMINAR LA GRAMATICA ESTRUCTURAL DEL ESPAOL (GUIA DEL PROFESOR) 210 $aMADRID$cPLAYOR$d1987 676 $a407.4 700 1$aOnieva Morales Juan Luis$0131998 801 0$aIT$bUNINA$gRICA$2UNIMARC 901 $aBK 912 $a990003326620403321 952 $a407.4 ONI /1$bLINGUE 488$fDECLI 959 $aDECLI 996 $aCORO DOMINAR LA GRAMATICA ESTRUCTURAL DEL ESPAOL (GUIA DEL PROFESOR$9448211 997 $aUNINA DB $aING01 LEADER 01190nam--2200337---450 001 990001250930203316 005 20221116111517.0 035 $a000125093 035 $aUSA01000125093 035 $a(ALEPH)000125093USA01 035 $a000125093 100 $a20031110d1972----km-y0itay0103----ba 101 0 $aita 102 $aIT 105 $a||||||||001yy 200 1 $a<> Archivi delle giunte provvisorie di governo e della luogotenenza generale del re per Roma e le province romane$einventario$fA cura di C. Lodolino Tupputi 210 $aRoma$c[s.n.]$d1972 215 $aXVII, 425 p.$d25 cm. 225 2 $aMinistero dell'Interno Pubbl. degli Archivi di Stato$v72 410 0$12001$aMinistero dell'Interno Pubbl. degli Archivi di Stato$v72 454 1$12001 461 1$1001-------$12001 702 1 $aLODOLINI,$bC. 710 02$aArchivio di Stato ; $0453662 801 0$aIT$bsalbc$gISBD 912 $a990001250930203316 951 $aXI B Arch. coll.2/72$b64973 L.M.$cXI B Arch. 959 $aBK 969 $aUMA 996 $aArchivi delle giunte provvisorie di governo e della luogotenenza generale del re per Roma e le province romane$9863246 997 $aUNISA LEADER 01165nas0-22003973i-450 001 990005874360203316 005 20230509122458.0 011 $a0144-7394$bprint 011 $a2047-8720$bonline 035 $a000587436 035 $aUSA01000587436 035 $a(ALEPH)000587436USA01 035 $a000587436 100 $a20130722a19799999|0itac50 ba 101 $aeng 102 $aGB 110 $aafazz--|||| 200 1 $aTeaching public administration 207 0$aVol. 1(1979)- 210 $aLondon$cSage Publications Ltd.$d1979- 215 $avolumi$d23 cm 300 $aSemestrale 423 1$10010106282$12001$aPublic policy and administration 517 $aTpa 606 0 $aAmministrazione pubblica$xPeriodici 676 $a350 801 3$aIT$bICCU$c20130715 912 $a990005874360203316 958 $aGIU$bFondo$c30 (2012)-36 (2018); 959 $aSE 979 $aVITTORIANA$b90$c20130722$lUSA01$h1215 979 $aVITTORIANA$b90$c20130723$lUSA01$h1123 979 $aVITTORIANA$b90$c20140916$lUSA01$h1042 979 $aVITTORIANA$b90$c20140916$lUSA01$h1159 996 $aTeaching public administration$91086094 997 $aUNISA